000 00890nam a2200265Ia 4500
003 OSt
005 20221005082454.0
006 a|||||r|||| 00| 0
007 ta
008 221004b |||||||| |||| 00| 0 eng d
020 _a9789383166152 (hb)
_cINR 850.00
024 _a28920
037 _b4669, 14/03/2017, Sanchit Book Service
_cTextual
040 _aCRL
_cCRL
_beng
041 _2eng
_aeng
082 _aO157,1M61,G:g, Q7
100 _aKampchen Martin Ed.
_9448448
245 0 _aGitanjali reborn
_b William Radice's writings on Rabindranath Tagore ed. by Martin Kampchen
260 _aNew Delhi
_bSocial Science Press India
_c2017
300 _axii,240p.
_ccm.
650 _a GITANJALI
_9611919
650 _aBENGALI POETRY
942 _hO157,1M61,G:g, Q7
_cTEXL
_2cc
999 _c989392
_d989392